<?xml version="1.0" encoding="UTF-8"?><?xml-stylesheet type="text/xsl" href="static/style.xsl"?><OAI-PMH xmlns="http://www.openarchives.org/OAI/2.0/" xmlns:xsi="http://www.w3.org/2001/XMLSchema-instance" xsi:schemaLocation="http://www.openarchives.org/OAI/2.0/ http://www.openarchives.org/OAI/2.0/OAI-PMH.xsd"><responseDate>2026-04-19T09:43:16Z</responseDate><request verb="GetRecord" identifier="oai:www.recercat.cat:10230/24886" metadataPrefix="marc">https://recercat.cat/oai/request</request><GetRecord><record><header><identifier>oai:recercat.cat:10230/24886</identifier><datestamp>2025-12-13T20:56:14Z</datestamp><setSpec>com_2072_6</setSpec><setSpec>col_2072_452954</setSpec></header><metadata><record xmlns="http://www.loc.gov/MARC21/slim" xmlns:dcterms="http://purl.org/dc/terms/" xmlns:xsi="http://www.w3.org/2001/XMLSchema-instance" xmlns:doc="http://www.lyncode.com/xoai" xsi:schemaLocation="http://www.loc.gov/MARC21/slim http://www.loc.gov/standards/marcxml/schema/MARC21slim.xsd">
   <leader>00925njm 22002777a 4500</leader>
   <datafield ind2=" " ind1=" " tag="042">
      <subfield code="a">dc</subfield>
   </datafield>
   <datafield ind2=" " ind1=" " tag="720">
      <subfield code="a">Lorente Martínez, Oscar-Daniel</subfield>
      <subfield code="e">author</subfield>
   </datafield>
   <datafield ind2=" " ind1=" " tag="260">
      <subfield code="c">2015-10-22T15:12:33Z</subfield>
   </datafield>
   <datafield ind2=" " ind1=" " tag="260">
      <subfield code="c">2015-10-22T15:12:33Z</subfield>
   </datafield>
   <datafield ind2=" " ind1=" " tag="260">
      <subfield code="c">2014</subfield>
   </datafield>
   <datafield ind2=" " ind1=" " tag="520">
      <subfield code="a">Treball de fi de grau d&amp;apos;Humanitats. Curs 2013-2014</subfield>
   </datafield>
   <datafield ind2=" " ind1=" " tag="520">
      <subfield code="a">Director: Fernando Pérez-Borbujo Álvarez</subfield>
   </datafield>
   <datafield ind2=" " ind1=" " tag="520">
      <subfield code="a">José Ortega y Gasset y Elias Canetti son dos escritores, pensadores, ensayistas, o por no equivocarnos, intelectuales, que apenas se parecen en nada. Ni en sus opiniones, ni en su estilo literario, ni en su manera de argumentar; casi todo en ellos es distinto e incluso opuesto. No obstante, tienen ciertos rasgos solitarios en común, cuya importancia iremos explicando a lo largo de las páginas siguientes, y de los cuales solo anticiparemos uno, por ser el principal motivo de nuestro trabajo: los dos fueron grandes teóricos de masas, que vivieron y estudiaron el siglo XX.</subfield>
   </datafield>
   <datafield tag="653" ind2=" " ind1=" ">
      <subfield code="a">Canetti, Elias, 1905-1994 -- Crítica i interpretació</subfield>
   </datafield>
   <datafield tag="653" ind2=" " ind1=" ">
      <subfield code="a">Ortega y Gasset, José, 1883-1955 -- Crítica i interpretació</subfield>
   </datafield>
   <datafield ind2="0" ind1="0" tag="245">
      <subfield code="a">Ortega y Canetti: Un estudio comparativo para comprender las masas y los totalitarismos en la primera mitad del siglo XX</subfield>
   </datafield>
</record></metadata></record></GetRecord></OAI-PMH>